| 000 | 00437nam a2200157Ia 4500 | ||
|---|---|---|---|
| 008 | 230718s9999 xx 000 0 und d | ||
| 041 | _aeng | ||
| 082 |
_a005.43 _bDHA |
||
| 100 |
_aDhamdhere D.M. _9111825 |
||
| 245 |
_aOperating Systems _bA Concepts-Based Approach |
||
| 250 | _a2nd ed. | ||
| 260 | _bTata Mc-graw Hill Pub. | ||
| 365 |
_cRs. _b325.00 |
||
| 700 |
_aDhamdhere D.M. _9111825 |
||
| 906 |
_dB:106070161713-Mar-2007 _cIT _b65 |
||
| 999 |
_c316242 _d316242 |
||